00563nam a22001817a 450000500170000001000150001702000260003203500140005803700130007208200080008510000170009324500800011026000300019027000400022030000270026050000220028750000720030920181116113210.0 aENG-123252 a9789352534111c495.00 aEN-106784 bDBAD/PUB a590 aAgarwal, V K aZoology for degree student/cby V K Agarwalbnon-chordates II, cell biology aNew DelhibS. Chandc2018 a7361, Ram Nagar,bNew Delhie110055 a931p.c23cm(pbk)bill. ait includes index aBSc (Hons) Semester II as per UGC Choice Based Credit System (CBCS)